| 000 | 02200nam a2200493Ii 4500 | ||
|---|---|---|---|
| 001 | DIGANT0239 | ||
| 003 | NyNyDIG | ||
| 006 | m o d | ||
| 007 | cr ||||||||||| | ||
| 008 | 120901s2010 sp ob 000 0 spa d | ||
| 020 | _z8476589689 | ||
| 020 | _z9788476589687 | ||
| 035 | _a(OCoLC)888254238 | ||
| 040 |
_aDGITA _beng _epn _cDGITA |
||
| 043 | _ae-sp--- | ||
| 050 | 1 | 4 | _aBX1583 eBook |
| 245 | 0 | 0 |
_aReligion y laicismo hoy : _ben torno a Teresa de Ávila / _cRafael Díaz-Salazar ... [et al.]. |
| 246 | 3 | 0 | _aEn torno a Teresa de Ávila |
| 250 | _a1. ed. | ||
| 264 | 1 |
_aRubí, Barcelona : _bAnthropos Editorial, _c2010. |
|
| 300 | _a1 online resource (143 pages) | ||
| 336 |
_atext _btxt _2rdacontent |
||
| 337 |
_acomputer _bc _2rdamedia |
||
| 338 |
_aonline resource _bcr _2rdacarrier |
||
| 490 | 1 |
_aPensamiento crítico/pensamiento utópico ; _v192 |
|
| 490 | 1 |
_aColección Cátedra Santo Tomás. _aReligion y Cultura |
|
| 504 | _aIncludes bibliographical footnotes. | ||
| 505 | 0 | _aLas relaciones de la Iglesia española con el poder político en la España contemporánea / por Teodoro González, O.P. -- Cómo entender lo de la aconfesionalidad del Estado español / por Rafael Díaz-Salazar -- La religión y laicismo en la tradición laica española / por Rafael Díaz-Salazar -- La religión en una sociedad postsecular / por Reyes Mate -- La lengua en pedazos / por Juan Mayorga. | |
| 650 | 0 |
_aLaicism _zSpain _xHistory. |
|
| 650 | 0 |
_aSecularism _zSpain _xHistory. |
|
| 650 | 0 |
_aChurch and state _zSpain _xHistory. |
|
| 610 | 2 | 0 |
_aCatholic Church _zSpain _xHistory. |
| 600 | 0 | 0 |
_aTeresa, _cof Avila, Saint, _d1515-1582. |
| 650 | 0 |
_aReligion and politics _xHistory. |
|
| 655 | 0 | _aElectronic books. | |
| 700 | 1 | _aDíaz-Salazar, Rafael. | |
| 791 | 2 |
_aDigitalia (Firm), _edistributor. |
|
| 830 | 0 |
_aPensamiento crítico/pensamiento utópico ; _v192. |
|
| 830 | 0 |
_aPensamiento crítico/pensamiento utópico. _pColección Cátedra Santo Tomás. Religion y Cultura. |
|
| 793 | 0 |
_gDigitalia eBook Collection: _aAnthropos |
|
| 856 | 4 | 0 |
_3Digitalia Hispánica _uhttps://www.digitaliapublishing.com/a/13333/ |
| 910 | _aPremium Collection: 2007-2012 | ||
| 942 | _cRAA | ||
| 999 |
_c233065 _d233065 |
||